00633nam a2200193 a 450000100100000000500170001000800410002702000180006804000250008608200200011110000420013124501280017326000400030130000280034149000100036950400280037970000220040783000100042900004796120201002060830.0181005d2016 dr a r 000 0 spa d a9789945595840 aDO-SdBNPbspacBNPHU axxxbP343e, 5to1 aPayán Velez , CarolinabV436e, 5to.10aEducación artística 5 :bquinto grado, segundo ciclo; educación primaria /cCarolina Payán Velez, Verónica Veloz. aSanto Domingo :bActualidad,c2016. a160 p. :bil. ;c28 cm.1 aVeraz aBibliografía : p. 1601 aVeloz, Verónica 0aVeraz